000 00734nam0a22002411 4500
001 rc\317426
005 20260407130916.0
010 _a5-7260-0438-8
_9500000
035 _a(NLR Aleph) 005552243
090 _a5822899
_c5822899
100 _a20030307d1990 |||y0rusy50 ca
101 0 _arus
102 _aRU
105 _ay |||||||||
200 1 _aЗакон СССР о пенсионном обеспечении граждан в СССР
210 _aМ.
_cЮрид. лит.
_d1990
215 _a45, [2] с.
_d20
742 1 _aСССР
_tЗаконы и постановления
_3RU\NLR\AUTH\889980004
_9456309
801 0 _aRU
_bNLR
_gpsbo
801 1 _aRU
_bELAR
_2rusmarc
852 _aNLR
_j90-4/10592
942 _cBOOK
980 _aNB